BIBLIOTECA

SENCICO

Equidad, desarrollo y participación social : (Registro nro. 368)

Detalles MARC
000 -LEADER
fixed length control field 01916nam a2200277Ia 4500
003 - CONTROL NUMBER IDENTIFIER
control field PE SENCICO BE
005 - DATE AND TIME OF LATEST TRANSACTION
control field 20251020182435.0
008 - FIXED-LENGTH DATA ELEMENTS--GENERAL INFORMATION
fixed length control field 200515s9999 xx 000 0 und d
020 ## - INTERNATIONAL STANDARD BOOK NUMBER
International Standard Book Number 9972-845-08-7
040 ## - CATALOGING SOURCE
Original cataloging agency PE SENCICO BE
Transcribing agency PE SENCICO BE
041 ## - LANGUAGE CODE
Language code of text/sound track or separate title spa
082 ## - DEWEY DECIMAL CLASSIFICATION NUMBER
Classification number 374
Item number P4
110 1# - MAIN ENTRY--CORPORATE NAME
9 (RLIN) 2677
Corporate name or jurisdiction name as entry element Perú.
Subordinate unit Ministerio de Educación
245 10 - TITLE STATEMENT
Title Equidad, desarrollo y participación social :
Remainder of title reflexiones en torno a la alfabetización y la educación básica de adultos /
Statement of responsibility, etc. Ministerio de Educación
250 ## - EDITION STATEMENT
Edition statement 1a ed.
260 ## - PUBLICATION, DISTRIBUTION, ETC.
Place of publication, distribution, etc. Lima :
Name of publisher, distributor, etc. Ministerio de Educación ;
-- UNESCO ;
-- EDUCA ;
Date of publication, distribution, etc. 2003
300 ## - PHYSICAL DESCRIPTION
Extent 163 páginas :
Dimensions 29 cm.
500 ## - GENERAL NOTE
General note En la portada: Memoria del 1er Foro Internacional. Lima, Perú. 12, 13 y 14 marzo, 2001
505 0# - FORMATTED CONTENTS NOTE
Formatted contents note Situación y nuevas demandas de la Alfabetización en América Latina -- Marco conceptual de la alfabetización post Dakar -- La experiencia del género del grupo de alfabetización Micaela Bastidas -- La experiencia de alfabetización bilingue en Anta, Chumbivilcas y Cotabamba -- Educación bilingue intercultural en Huancavelica -- Alfabetización y acceso a los medios de comunicación -- Cultura y Lengua en la alfabetización de poblaciones indígenas -- Campaña nacional de alfabetización de Ecuador -- Guaraníes, Chiquitanos y Guarayos: Alfabetización bilngue en el Oriente boliviano -- La alfabetización a cargo de la Sociedad Civil en Brasil -- El método Reflect - Acción en El Salvador -- "Alfabetización ahora": Jornada Nacional de Alfabetización en República Dominicana -- El rol del Estado en la alfabetización en Canadá -- El Programa Mundial de Alimentos y la alfabetización.
650 10 - SUBJECT ADDED ENTRY--TOPICAL TERM
Topical term or geographic name entry element Educación de adultos
9 (RLIN) 3048
650 20 - SUBJECT ADDED ENTRY--TOPICAL TERM
Topical term or geographic name entry element Alfabetización
9 (RLIN) 3049
650 20 - SUBJECT ADDED ENTRY--TOPICAL TERM
Topical term or geographic name entry element Participación social
9 (RLIN) 2446
650 20 - SUBJECT ADDED ENTRY--TOPICAL TERM
Topical term or geographic name entry element Educación y estado
9 (RLIN) 2696
650 20 - SUBJECT ADDED ENTRY--TOPICAL TERM
Topical term or geographic name entry element Sociología de la educación
9 (RLIN) 2280
942 ## - ADDED ENTRY ELEMENTS (KOHA)
Koha item type Libros
Source of classification or shelving scheme Dewey Decimal Classification
Existencias
Fecha de la última vez que lo usaron Número de ingreso o de inventario Pago total Signatura topográfica completa Código de barras Precio efectivo desde Tipo de documento Estado perdido Sistema de clasificación Estado dañado No es para préstamo Retirado Ubicación permanente Ubicación actual Fecha de adquisición Número de ejemplar
15/05/2020 12612   374/P4 BibLima25040074 15/05/2020 Libros   Dewey Decimal Classification       Biblioteca Central Lima Biblioteca Central Lima 08/04/2003  
15/05/2020 12613   374/P4/ej. 2 BibLima25040075 15/05/2020 Libros   Dewey Decimal Classification       Biblioteca Central Lima Biblioteca Central Lima 08/04/2003 2